Statistics for 2022 NFL AWARDS QUIZ

Click here to take the quiz!

General Stats

  • This quiz has been taken 31 times
  • The average score is 6 of 8

Answer Stats

HintAnswer% Correct
MVPPatrick Mahomes
100%
Player Of The Year (OFFENSE)Justin Jefferson
82%
Player Of The Year (DEFENSE)Nick Bosa
82%
Rookie Of The Year (OFFENSE)Garrett Wilson
79%
Rookie Of The Year (DEFENSE)Sauce Gardner
79%
Walter Payton Man Of The Year (hint: QB)Dak Prescott
75%
Comeback Player Of The YearGeno Smith
71%
Coach Of The YearBrian Daboll
61%

Score Distribution

Percentile by Number Answered

Percent of People with Each Score

Your Score History

You have not taken this quiz